Statistics for Super Bowl starting Running Backs

Click here to take the quiz!

General Stats

  • This quiz has been taken 103 times
    (86 since last reset)
  • The average score is 24 of 51

Answer Stats

Super BowlAnswer% Correct
XXVII | XXVIII | XXXEmmitt Smith
84%
XXXVI | XXXVIIIAntowain Smith
84%
XXIITimmy Smith
84%
XLVIIIMarshawn Lynch
83%
XIClarence Davis
72%
XXXII | XXXIIITerrell Davis
72%
LC.J. Anderson
71%
XXVOttis Anderson
71%
IX | X | XIII | XIVFranco Harris
70%
XXXIVMarshall Faulk
65%
XXWalter Payton
62%
XLVIIAnthony Allen
59%
LIJames White
59%
XVIIIMarcus Allen
59%
VII | VIIILarry Csonka
58%
XVIIJohn Riggins
57%
XIX | XXIII | XXIVRoger Craig
54%
XXXVJamal Lewis
52%
XXXIXCorey Dillon
43%
VIDuane Thomas
42%
XIITony Dorsett
39%
XLIJoseph Addai
38%
IJim Taylor
33%
XXIJoe Morris
30%
XL | XLIIIWillie Parker
29%
XXIXRicky Watters
28%
XLVIAhmad Bradshaw
23%
XXXVIIMichael Pittman
20%
XLIIBrandon Jacobs
19%
IIIMatt Snell
19%
XLVJames Starks
19%
XLIXShane Vereen
14%
XXVIEarnest Byner
14%
IVMike Garrett
13%
XXXIEdgar Bennett
13%
XLIVDeuce McAllister
9%
XVMark Van Eeghen
7%
IIBen Wilson
4%
XVIRicky Patton
1%
VNorm Bulaich
0%

Score Distribution

Percentile by Number Answered

Percent of People with Each Score

Your Score History

You have not taken this quiz since the last reset